Measures of association for cross classifications /
Guardado en:
| Autor Principal: | |
|---|---|
| Otros Autores: | |
| Formato: | Libro |
| Idioma: | English |
| Publicado: |
New York :
Springer-Verlag,
c1979.
|
| Series: | Springer series in statistics ;
v. 1 |
| Materias: | |
| Etiquetas: |
Agregar Etiqueta
Sin Etiquetas, Sea el primero en etiquetar este registro!
|
| LEADER | 01386pam a2200265 a 4500 | ||
|---|---|---|---|
| 001 | MAT.inmabb004844 | ||
| 008 | 790807s1979####nyua#####b####000#0#eng## | ||
| 005 | 20130326163212.0 | ||
| 245 | 1 | 0 | |a Measures of association for cross classifications / |c Leo A. Goodman, William H. Kruskal. |
| 260 | |a New York : |b Springer-Verlag, |c c1979. | ||
| 300 | |a x, 146 p. : |b il. ; |c 25 cm. | ||
| 440 | 0 | |a Springer series in statistics ; |v v. 1 | |
| 504 | |a Incluye referencias bibliográficas. | ||
| 505 | 8 | |a Contiene reproducciones de articulos originalmente publicados por los autores en J. Amer. Statist. Assoc.: Measures of association for cross classifications [49 (1954), 732-764] -- Measures of association for cross classifications. II. Further discussion and references [54 (1959), 123-163] -- Measures of association for cross classifications. III. Approximate sampling theory [58 (1963), 310-364] -- Measures of association for cross classifications. IV. Simplification of asymptotic variances [67 (1972), no. 338, 315-321]. | |
| 510 | 4 | |a MR, |c 82c:62084 | |
| 020 | |a 0387904433 | ||
| 100 | 1 | |a Goodman, Leo A. | |
| 700 | 1 | |a Kruskal, William, |d 1919- | |
| 740 | |a Cross classifications. | ||
| 650 | 0 | |a Sociology |x Methodology. | |
| 650 | 0 | |a Sociology |x Statistical methods. | |
| 084 | |a 62H17 |2 msc2000 | ||
| 010 | |a 79019570 | ||
| 040 | |a DLC |c DLC |d DLC | ||
| 859 | |h 62 |i G653 |p A-6021 |b BIB. MATEMATICA | ||
